| 000 | 00373nam a2200145Ia 4500 | ||
|---|---|---|---|
| 005 | 20250514011057.0 | ||
| 008 | 240331s9999 xx 000 0 und d | ||
| 082 |
_a200 _bSRI |
||
| 245 | 0 | _aSri Lankawe aagamika bawaya | |
| 260 |
_aColombo _bMergaa Institute _c1985 |
||
| 300 | _a310 p ., | ||
| 500 | _aA Book on Sri Lankan Religion | ||
| 700 |
_aCater, J.R. _eedt |
||
| 942 | _cL | ||
| 999 |
_c786 _d786 |
||